Regime shift : Comparative dynamics of the Japanese political economy
Regime Shift suggests that Japan's present troubles are deeply rooted in the economy's earlier success. It is a much-anticipated work that offers an original framework for understanding the critical changes that have affected political and economic institutions in Japan.
Đã lưu trong:
| 主要作者: | |
|---|---|
| 格式: | 圖書 |
| 語言: | Undetermined |
| 出版: |
Ithaca, N.Y.
Cornell University Press
1998
|
| 主題: | |
| 標簽: |
添加標簽
沒有標簽, 成為第一個標記此記錄!
|
| Thư viện lưu trữ: | Trung tâm Học liệu Trường Đại học Cần Thơ |
|---|
| LEADER | 00868nam a2200229Ia 4500 | ||
|---|---|---|---|
| 001 | CTU_118848 | ||
| 008 | 210402s9999 xx 000 0 und d | ||
| 020 | |c 21.95 | ||
| 082 | |a 338.952 | ||
| 082 | |b P396 | ||
| 100 | |a Pempel, T. J. | ||
| 245 | 0 | |a Regime shift : | |
| 245 | 0 | |b Comparative dynamics of the Japanese political economy | |
| 245 | 0 | |c T. J. Pempel | |
| 260 | |a Ithaca, N.Y. | ||
| 260 | |b Cornell University Press | ||
| 260 | |c 1998 | ||
| 520 | |a Regime Shift suggests that Japan's present troubles are deeply rooted in the economy's earlier success. It is a much-anticipated work that offers an original framework for understanding the critical changes that have affected political and economic institutions in Japan. | ||
| 650 | |a Economic history | ||
| 650 | |x 1945- | ||
| 904 | |i Truc | ||
| 980 | |a Trung tâm Học liệu Trường Đại học Cần Thơ | ||